| 000 | 00916nam a22002537a 4500 | ||
|---|---|---|---|
| 008 | 160819b xxu||||| |||| 00| 0 eng d | ||
| 020 | _a13: 978-0-7637-5556-0 (pbk) | ||
| 020 | _a10: 0-7637-5556-7 | ||
| 082 | _aDC 617.1027 Sp6 2009 | ||
| 100 |
_913131 _aPfeiffer, Ronald P. |
||
| 245 |
_aSports first aid and injury prevention/ _cRonald P. Pfeiffer...[and 4 others]. |
||
| 260 |
_aMassachusetts: _bJones and Bartlett Publishers, _cc2008. |
||
| 300 |
_avii, 110 pages: _bcolor illustrations; _c25 cm. |
||
| 500 | _aIncludes index. | ||
| 650 | 0 |
_913143 _aSports injuries _xPrevention. |
|
| 650 | 0 |
_913144 _aSports medicine. |
|
| 650 | 0 |
_913145 _aWounds and injuries _xPrevention. |
|
| 650 | 0 |
_913146 _aFirst aid in illness and injury. |
|
| 700 |
_913132 _aThygerson, Alton. |
||
| 700 |
_913133 _aPalmieri, Nicholas F. |
||
| 700 |
_913134 _aGulli, Benjamin. |
||
| 700 |
_913135 _aOssman, Eric W. |
||
| 942 |
_2ddc _cDC |
||
| 999 |
_c3930 _d3930 |
||